000 00669nam a2200289Ia 4500
005 20260324124152.0
008 008 260324s9999 xx 000 0 eng d
020 _a9780203830505
037 _aEBOOK
040 _aCRL
040 _beng
040 _cCRL
041 _2eng
041 _aeng
084 _qCRL
100 _aMichael Palmiotto
_91173112
245 0 _aCommunity Policing
245 2 _bA Police-Citizen Partnership
260 _bTaylor and Francis
260 _c2011
365 _a
365 _b290
856 _uhttp://www.taylorfrancis.com/books/9780203830505
942 _cEBOOK
999 _c1767273
_d1767273